Elements of software science /

Saved in:
Bibliographic Details
Main Author: Halstead, Maurice H. (Maurice Howard), 1918-
Format: Book
Language:English
Published: New York : Elsevier, c1977.
Series:Operating and programming systems series ; 2
Subjects:
LEADER 01059nam a2200277 i 4500
001 c000144629
003 CARM
005 00000000000000.0
008 770203s1977 nyu b 00110 eng
019 1 |a 846393  |z 23898333  |z 49869038  |5 LACONCORD2021 
020 |a 0444002057.  |a 0444002154  |b pbk. 
035 |a (OCoLC)2798904  |5 LACONCORD2021 
050 0 0 |a QA76.6  |b .H3 
100 1 |a Halstead, Maurice H.  |q (Maurice Howard),  |d 1918- 
245 1 0 |a Elements of software science /  |c Maurice H. Halstead. 
260 |a New York :  |b Elsevier,  |c c1977. 
300 |a xiv, 127 p. :  |b graphs ;  |c 24 cm. 
440 0 |a Operating and programming systems series ;  |v 2 
500 |a "Elsevier computer science library." 
500 |a Includes index. 
504 |a Bibliography: p. 120-124. 
650 0 |a Computer software. 
852 8 |b CARM  |h A2:AD08C0  |i B00465  |p 0023124  |f BK 
082 0 4 |a 001.6/425 
999 f f |i 4b29d9a9-a9fe-5cfe-93aa-8b346d3617ad  |s 3e8e7a0a-e3bd-505c-8a19-382234adfa54 
952 f f |p Can circulate  |a CAVAL  |b CAVAL  |c CAVAL  |d CARM 1 Store  |e B00465  |f A2:AD08C0  |h Other scheme  |i book  |m 0023124